000 00322nam a22001337a 4500
008 171013b xxu||||| |||| 00| 0 eng d
020 _a9780312208622
041 _aeng
080 _27 ED
_a316
100 _a51
101 _aSOC
245 _aTHE ELEMENTS OF SOCIAL SCIENTIC THINKING
_cHOOVER.K
942 _2udc
_cBK
999 _c33634
_d33634